Survey of London volume 10 (Record no. 104054)

MARC details
000 -LEADER
fixed length control field 01200cam a2200253 4500
001 - CONTROL NUMBER
control field J128966
008 - FIXED-LENGTH DATA ELEMENTS--GENERAL INFORMATION
fixed length control field 050307n1926 000 0 eng u
035 ## - SYSTEM CONTROL NUMBER
System control number (Sirsi) u128966
041 ## - LANGUAGE CODE
Language code of text/sound track or separate title eng
050 ## - LIBRARY OF CONGRESS CALL NUMBER
Classification number 720
-- 18
100 ## - MAIN ENTRY--PERSONAL NAME
Personal name Forrest, G. Topham
245 ## - TITLE STATEMENT
Title Survey of London volume 10
Remainder of title the parish of St Margaret, Westminster (part one)
260 ## - PUBLICATION, DISTRIBUTION, ETC.
Place of publication, distribution, etc. London
Name of publisher, distributor, etc. Batsford
Date of publication, distribution, etc. 1926
300 ## - PHYSICAL DESCRIPTION
Extent xvii, 159p.
Other physical details ill.
Dimensions 30cm.
490 ## - SERIES STATEMENT
Series statement Survey of London Main Series
Volume/sequential designation 10
520 ## - SUMMARY, ETC.
Summary, etc. This volume of the "Survey of London", English Heritage's detailed architectural and topographical study, describes the area around Parliament Square. 11 Great George Street is described together with 12 and 13 Great George Street, which stood on the site of the present RICS headquarters. Lists previous owners and occupiers of the three properties. Includes photographs and maps together with plans, sections and elevations of selected buildings.
590 ## - LOCAL NOTE (RLIN)
Local note SOL, GGS
650 24 - SUBJECT ADDED ENTRY--TOPICAL TERM
Topical term or geographic name entry element 11 GREAT GEORGE STREET
650 24 - SUBJECT ADDED ENTRY--TOPICAL TERM
Topical term or geographic name entry element 12 GREAT GEORGE STREET
690 ## - LOCAL SUBJECT ADDED ENTRY--TOPICAL TERM (OCLC, RLIN)
Topical term or geographic name as entry element BUILT ENVIRONMENT-CONSTRUCTION DESIGN
700 ## - ADDED ENTRY--PERSONAL NAME
Personal name Cox, Montague H.
International Standard Serial Number General Editor
700 ## - ADDED ENTRY--PERSONAL NAME
Personal name Norman, Philip
International Standard Serial Number General Editor
942 ## - ADDED ENTRY ELEMENTS (KOHA)
Suppress in OPAC 0
Holdings
Withdrawn status Lost status Source of classification or shelving scheme Damaged status Not for loan Home library Current library Shelving location Date acquired Total Checkouts Full call number Barcode Date last seen Copy number Price effective from Koha item type
    Dewey Decimal Classification     London London Basement 07/03/2005   SHELF 135 30062530 06/08/2019 1 06/08/2019 Reference material